| 000 | 00369nam a2200133Ia 4500 | ||
|---|---|---|---|
| 005 | 20251222154434.0 | ||
| 008 | 251222s9999||||xx |||||||||||||| ||spa|| | ||
| 020 | _a978-968-24-8008-9 | ||
| 082 | _a631.587/G23 | ||
| 100 | _a"García Casillas, IgnacioBriones Sánchez, Gregorio" | ||
| 245 | 0 | _aSistemas de riego por aspersión y goteo | |
| 250 | _a2a.ed. | ||
| 942 | _cLIB | ||
| 999 |
_c36530 _d36530 |
||